[Event "Dubai op 5th"]
[Site "Dubai"]
[Date "2003.04.29"]
[Round "9"]
[White "Himdan, Maher"]
[Black "Somev, Abdo"]
[Result "1/2-1/2"]
[WhiteElo "2322"]
[BlackElo "2092"]
[PlyCount "127"]
[EventDate "2003.04.20"]
[EventType "swiss"]
[EventRounds "9"]
[EventCountry "UAE"]
[SourceTitle "CBM 093 Extra"]
[Source "ChessBase"]
[SourceDate "2003.05.09"]
[SourceVersion "1"]
[SourceVersionDate "2003.05.09"]
[SourceQuality "1"]

1. c4 e5 2. d3 d6 3. Nc3 f5 4. e4 Nf6 5. exf5 Bxf5 6. Nge2 Nc6 7. Ng3 Bg6 8. Nge4 Be7 9. Be3 Nd4 10. g3 0-0 11. Bg2 Kh8 12. Nxf6 Bxf6 13. 0-0 c6 14. b4 a6 15. a4 a5 16. b5 Qd7 17. h3 Rab8 18. Kh2 h6 19. Rb1 Rfe8 20. g4 Ne6 21. Be4 Bh7 22. bxc6 bxc6 23. Qf3 Bxe4 24. Qxe4 Nf4 25. Bd2 d5 26. cxd5 cxd5 27. Qf3 g5 28. Bxf4 exf4 29. Nxd5 Bb2 30. Rfe1 Rxe1 31. Rxe1 Rd8 32. Rb1 Qxd5 33. Qxd5 Rxd5 34. Rxb2 Rd4 35. Rb7 Rxa4 36. Rd7 Ra2 37. Kg2 a4 38. Kf3 Kg8 39. Ra7 Rd2 40. Rxa4 Rxd3+ 41. Kg2 Rd7 42. h4 Kf7 43. Kf3 Rd3+ 44. Ke4 Rd2 45. Ra7+ Kf6 46. Ra6+ Kg7 47. hxg5 hxg5 48. f3 Rb2 49. Rd6 Kf7 50. Ke5 Rb5+ 51. Rd5 Rb3 52. Kf5 Rxf3 53. Rd7+ Ke8 54. Ra7 Rf1 55. Kxg5 f3 56. Kf5 f2 57. Ra2 Kf7 58. Rb2 Kg7 59. Rb7+ Kf8 60. Rb2 Kf7 61. Ra2 Kg7 62. g5 Rb1 63. Rxf2 Rb5+ 64. Kg4 1/2-1/2

[Event "Dubai op 5th"]
[Site "Dubai"]
[Date "2003.04.28"]
[Round "8"]
[White "Somev, Abdo"]
[Black "Asylguzhin, Radik"]
[Result "1/2-1/2"]
[WhiteElo "2092"]
[BlackElo "2260"]
[PlyCount "63"]
[EventDate "2003.04.20"]
[EventType "swiss"]
[EventRounds "9"]
[EventCountry "UAE"]
[SourceTitle "CBM 093 Extra"]
[Source "ChessBase"]
[SourceDate "2003.05.09"]
[SourceVersion "1"]
[SourceVersionDate "2003.05.09"]
[SourceQuality "1"]

1. d4 d6 2. c4 Nd7 3. e4 e5 4. Ne2 g6 5. f3 Bg7 6. Nbc3 Ne7 7. Be3 f5 8. Qd2 f4 9. Bf2 c6 10. Nc1 Qc7 11. Nb3 0-0 12. Be2 Nf6 13. g4 Rd8 14. d5 c5 15. h3 b6 16. Bd3 Bd7 17. Qe2 Be8 18. Kd2 Kf7 19. a4 Rdb8 20. Ra3 a5 21. Raa1 g5 22. h4 h6 23. Rh2 Bd7 24. Rah1 Rh8 25. Be1 Rag8 26. Nc1 Ng6 27. b3 Qc8 28. Nb5 Bxb5 29. cxb5 Qc7 30. Bc4 Qe7 31. Qg2 Qb7 32. Ne2 1/2-1/2

[Event "Dubai op 5th"]
[Site "Dubai"]
[Date "2003.04.22"]
[Round "2"]
[White "Somev, Abdo"]
[Black "Saleh, Nabil"]
[Result "1-0"]
[WhiteElo "2090"]
[BlackElo "2304"]
[PlyCount "79"]
[EventDate "2003.04.20"]
[EventType "swiss"]
[EventRounds "9"]
[EventCountry "UAE"]
[SourceTitle "CBM 093 Extra"]
[Source "ChessBase"]
[SourceDate "2003.05.09"]
[SourceVersion "1"]
[SourceVersionDate "2003.05.09"]
[SourceQuality "1"]

1. e4 c6 2. d4 d5 3. exd5 cxd5 4. Bd3 Nc6 5. c3 g6 6. Bf4 Bf5 7. Bxf5 gxf5 8. Nf3 e6 9. Ne5 Bd6 10. Nxc6 bxc6 11. Bxd6 Qxd6 12. Nd2 Nf6 13. Nf3 Rb8 14. Rb1 Qf4 15. 0-0 Rg8 16. Qe2 Qg4 17. g3 Nh5 18. Kh1 f4 19. Ng1 Qg6 20. Qf3 fxg3 21. fxg3 Ke7 22. b3 Qe4 23. Rbe1 Qxf3+ 24. Nxf3 f5 25. Ne5 Kd6 26. Re2 Nf6 27. Nxc6 Rb6 28. Ne5 Ne4 29. c4 Rb4 30. Rc2 a5 31. Nd3 Rb7 32. c5+ Kc7 33. Rb1 Rgb8 34. Nf4 Rb4 35. Nxe6+ Kd7 36. Ng7 f4 37. gxf4 Rxd4 38. c6+ Kc8 39. Nf5 Rd3 40. c7 1-0

[Event "Dubai op"]
[Site "Dubai"]
[Date "2002.04.22"]
[Round "6"]
[White "Somev, Abdo"]
[Black "Annaberdiev, Meilis"]
[Result "0-1"]
[WhiteElo "2101"]
[BlackElo "2279"]
[PlyCount "98"]
[EventDate "2002.04.15"]
[EventType "swiss"]
[EventRounds "9"]
[EventCountry "UAE"]
[SourceTitle "CBM 087 Extra"]
[Source "ChessBase"]
[SourceDate "2002.05.03"]
[SourceVersion "2"]
[SourceVersionDate "2002.08.09"]
[SourceQuality "1"]

1. e4 c6 2. d3 d5 3. Nc3 g6 4. Be2 Bg7 5. f4 dxe4 6. dxe4 Qxd1+ 7. Nxd1 Nf6 8. Nf2 Nbd7 9. Be3 e5 10. g3 0-0 11. 0-0-0 exf4 12. gxf4 Re8 13. Bf3 Nb6 14. Bd4 Be6 15. b3 Rac8 16. Bc5 Nfd7 17. Bd6 f5 18. e5 Nd5 19. Ne2 Bh6 20. Nd3 Bf7 21. Rdg1 Nf8 22. c4 Nxf4 23. Nexf4 Ne6 24. Kc2 Nxf4 25. h4 Nxd3 26. Kxd3 Bg7 27. Re1 Re6 28. Re2 h6 29. c5 Rce8 30. Kd4 g5 31. hxg5 hxg5 32. Bh5 Rh6 33. Reh2 Bxh5 34. Rxh5 Kh7 35. Rxh6+ Bxh6 36. b4 a6 37. a4 Kg6 38. b5 axb5 39. axb5 g4 40. bxc6 bxc6 41. Re1 Bg7 42. Kd3 Kf7 43. Rf1 Ke6 44. Kd4 Ra8 45. Rh1 Ra4+ 46. Kd3 g3 47. Rh7 Rg4 48. Rh1 g2 49. Rg1 Bxe5 0-1

[Event "Dubai op"]
[Site "Dubai"]
[Date "2002.04.17"]
[Round "3"]
[White "Shetty, Rahul"]
[Black "Somev, Abdo"]
[Result "1-0"]
[WhiteElo "2356"]
[BlackElo "2101"]
[PlyCount "85"]
[EventDate "2002.04.15"]
[EventType "swiss"]
[EventRounds "9"]
[EventCountry "UAE"]
[SourceTitle "CBM 087 Extra"]
[Source "ChessBase"]
[SourceDate "2002.05.03"]
[SourceVersion "2"]
[SourceVersionDate "2002.08.09"]
[SourceQuality "1"]

1. e4 c5 2. Nf3 e6 3. Nc3 Nc6 4. d4 cxd4 5. Nxd4 Qc7 6. Be3 a6 7. Bd3 b5 8. 0-0 Bb7 9. Nb3 d6 10. f4 Nf6 11. Qf3 Be7 12. Rae1 Nb4 13. a3 Nc6 14. Qg3 g6 15. e5 Nh5 16. Qf2 d5 17. Bb6 Qc8 18. f5 gxf5 19. Nxd5 Kf8 20. Bc5 Qd8 21. Nxe7 Nxe7 22. Bd6 Rg8 23. Be4 Bxe4 24. Rxe4 Rg5 25. Rh4 Kg8 26. Qf3 Rc8 27. Rxh5 Ng6 28. Rxg5 Qxg5 29. c3 Rc4 30. Nd4 Qd2 31. Qf2 Qd3 32. Re1 f4 33. Qe2 Rxd4 34. cxd4 Qxd4+ 35. Kh1 Qd5 36. h3 Kg7 37. Rd1 Qb3 38. Bc7 Qg3 39. Bd8 Kh6 40. Rd3 f3 41. Rxf3 Qxe5 42. Qd2+ Kh5 43. g4# 1-0

[Event "Dubai op"]
[Site "Dubai"]
[Date "2001.04.23"]
[Round "8"]
[White "Shabash, Abdullatief Mohamed"]
[Black "Somev, Abdo"]
[Result "1-0"]
[WhiteElo "2240"]
[BlackElo "2106"]
[PlyCount "77"]
[EventDate "2001.04.15"]
[EventType "swiss"]
[EventRounds "9"]
[EventCountry "UAE"]
[SourceTitle "CBM 083"]
[Source "ChessBase"]
[SourceDate "2001.07.05"]
[SourceVersion "1"]
[SourceVersionDate "2001.07.05"]
[SourceQuality "1"]

1. e4 d6 2. d4 Nf6 3. Nc3 g6 4. f4 Bg7 5. Nf3 c5 6. e5 Ng4 7. Bb5+ Bd7 8. e6 Bxb5 9. exf7+ Kd7 10. Nxb5 Qa5+ 11. Nc3 cxd4 12. Nxd4 h5 13. Nb3 Bxc3+ 14. bxc3 Qxc3+ 15. Bd2 Qc4 16. Qf3 Nc6 17. Bc3 Rh7 18. h3 Rf8 19. hxg4 Rhxf7 20. g3 hxg4 21. Qe3 g5 22. 0-0-0 gxf4 23. gxf4 Kc7 24. Nd4 Nxd4 25. Rxd4 Qc6 26. Rhd1 Kb8 27. Rb4 e5 28. Rxd6 exf4 29. Rxf4 Qh1+ 30. Rd1 Qh6 31. Kb1 Rxf4 32. Be5+ Kc8 33. Qxa7 Rd4 34. Qb8+ Kd7 35. Rxd4+ Kc6 36. Qc7+ Kb5 37. Qxb7+ Kc5 38. Rd5+ Kc4 39. Qb5# 1-0

[Event "Dubai op"]
[Site "Dubai"]
[Date "2001.04.16"]
[Round "2"]
[White "Hamed, Ahmed"]
[Black "Somev, Abdo"]
[Result "0-1"]
[WhiteElo "2331"]
[BlackElo "2106"]
[PlyCount "124"]
[EventDate "2001.04.15"]
[EventType "swiss"]
[EventRounds "9"]
[EventCountry "UAE"]
[SourceTitle "CBM 083"]
[Source "ChessBase"]
[SourceDate "2001.07.05"]
[SourceVersion "1"]
[SourceVersionDate "2001.07.05"]
[SourceQuality "1"]

1. e4 c5 2. c3 g6 3. d4 cxd4 4. cxd4 d5 5. exd5 Nf6 6. Bb5+ Nbd7 7. Nc3 Bg7 8. d6 e6 9. h3 0-0 10. Nge2 a6 11. Bd3 b5 12. 0-0 Bb7 13. Bf4 Nb6 14. Rc1 Rc8 15. Bh2 Nc4 16. Bxc4 Rxc4 17. b3 Rc8 18. Qd2 Qb6 19. Ng3 Rfd8 20. Qf4 Rxc3 21. Rxc3 Nd5 22. Qd2 Nxc3 23. Qxc3 Bxd4 24. Qc7 Rxd6 25. Qxb6 Rxb6 26. Ne2 Bf6 27. Rc1 Rc6 28. Rxc6 Bxc6 29. Bd6 Kg7 30. f3 g5 31. Kf2 Kg6 32. Ke3 Bb2 33. g4 f5 34. f4 h6 35. gxf5+ exf5 36. Be7 Bg2 37. h4 g4 38. Bd6 Bf6 39. a4 bxa4 40. bxa4 Bc6 41. Nd4 Be4 42. Nb3 Bxh4 43. Nc5 Bc6 44. Nxa6 Bxa4 45. Nc5 Bc6 46. Nd3 Bb7 47. Ne5+ Kg7 48. Bf8+ Kh7 49. Bc5 Bf6 50. Nc4 Bd5 51. Nd6 Kg6 52. Nc8 Be6 53. Ne7+ Kf7 54. Nc6 h5 55. Bb6 Ke8 56. Bd4 Bxd4+ 57. Nxd4 Kf7 58. Kf2 h4 59. Kg2 Bd5+ 60. Kh2 Kf6 61. Nc2 Be4 62. Nd4 Ke7 0-1

[Event "Dubai op"]
[Site "Dubai"]
[Date "2001.04.15"]
[Round "1"]
[White "Safin, Shukhrat"]
[Black "Somev, Abdo"]
[Result "1-0"]
[WhiteElo "2504"]
[BlackElo "2106"]
[PlyCount "69"]
[EventDate "2001.04.15"]
[EventType "swiss"]
[EventRounds "9"]
[EventCountry "UAE"]
[SourceTitle "CBM 083"]
[Source "ChessBase"]
[SourceDate "2001.07.05"]
[SourceVersion "1"]
[SourceVersionDate "2001.07.05"]
[SourceQuality "1"]

1. Nf3 c5 2. g3 Nc6 3. Bg2 g6 4. 0-0 Bg7 5. d3 e6 6. e4 Nge7 7. c3 0-0 8. Re1 d6 9. Na3 Rb8 10. d4 cxd4 11. cxd4 e5 12. Nc2 Bg4 13. d5 Na5 14. Ne3 Bxf3 15. Bxf3 Rc8 16. Be2 f5 17. b4 f4 18. bxa5 fxe3 19. Bxe3 Qxa5 20. Qb3 Rc7 21. a4 b6 22. Bg4 Rc3 23. Qb5 Qxb5 24. axb5 Rc7 25. Be6+ Kh8 26. Rec1 Rb7 27. Ra6 Ng8 28. Rca1 Nf6 29. f3 Ne8 30. Rxa7 Rb8 31. Kg2 Bf6 32. Rc1 Ng7 33. Bh3 Ne8 34. Rc6 Bd8 35. Bh6 1-0

[Event "Arab-ch 4th"]
[Site "Beirut"]
[Date "2000.08.13"]
[Round "8"]
[White "Eid, Fadi"]
[Black "Somev, Abdo"]
[Result "1-0"]
[WhiteElo "2390"]
[BlackElo "2090"]
[PlyCount "79"]
[EventDate "2000.08.05"]
[EventType "swiss"]
[EventRounds "9"]
[EventCountry "LBN"]
[SourceTitle "CBM 077 Extra"]
[Source "ChessBase"]
[SourceDate "2000.09.14"]
[SourceVersion "1"]
[SourceVersionDate "2000.09.14"]
[SourceQuality "1"]

1. e4 c5 2. Nf3 Nc6 3. Bb5 d6 4. 0-0 Bd7 5. c3 e6 6. d4 cxd4 7. cxd4 Nf6 8. d5 exd5 9. exd5 Ne5 10. Bxd7+ Nfxd7 11. Nd4 Be7 12. Nf5 0-0 13. Nc3 Nc5 14. Be3 b6 15. b4 Na6 16. a3 Qd7 17. Nxe7+ Qxe7 18. Bd4 Qd7 19. f4 Ng4 20. f5 Ne5 21. f6 Nc7 22. fxg7 Kxg7 23. Qh5 f5 24. Rf4 Rf6 25. Qg5+ Kf7 26. Ne4 Rg6 27. Qxf5+ Kg8 28. Nf6+ Rxf6 29. Qxf6 Nxd5 30. Qg5+ Qg7 31. Qxg7+ Kxg7 32. Re4 Re8 33. Rae1 Kf6 34. g4 h5 35. gxh5 Kf5 36. Bxe5 dxe5 37. h6 Nf6 38. Rc4 Rg8+ 39. Kh1 Ng4 40. Rf1+ 1-0

[Event "Arab-ch 4th"]
[Site "Beirut"]
[Date "2000.08.08"]
[Round "4"]
[White "Bintafrit, Sameer"]
[Black "Somev, Abdo"]
[Result "1-0"]
[WhiteElo "2285"]
[BlackElo "2090"]
[PlyCount "91"]
[EventDate "2000.08.05"]
[EventType "swiss"]
[EventRounds "9"]
[EventCountry "LBN"]
[SourceTitle "CBM 077 Extra"]
[Source "ChessBase"]
[SourceDate "2000.09.14"]
[SourceVersion "1"]
[SourceVersionDate "2000.09.14"]
[SourceQuality "1"]

1. b3 g6 2. Bb2 Nf6 3. e4 Bg7 4. Be2 0-0 5. d3 d6 6. c4 c5 7. h3 Nc6 8. Nf3 e5 9. 0-0 Nh5 10. Re1 Nf4 11. Bf1 f5 12. Nbd2 Ne6 13. exf5 gxf5 14. a3 a5 15. g3 Rf7 16. Rb1 Bf6 17. Bg2 Rg7 18. Nh2 Ned4 19. Ndf3 Nxf3+ 20. Qxf3 Be6 21. Kh1 Qd7 22. Bc3 Kh8 23. Bd2 Nd4 24. Qh5 Rag8 25. Qd1 f4 26. g4 h5 27. f3 hxg4 28. fxg4 Bd8 29. b4 cxb4 30. axb4 a4 31. Re4 b5 32. Bxf4 bxc4 33. dxc4 Bxc4 34. Rxd4 exd4 35. Qxd4 Qe6 36. Rc1 Bb3 37. g5 Re8 38. Ng4 Kh7 39. Bd2 Qg6 40. h4 Bc2 41. Bc3 Rgg8 42. Rf1 Bf5 43. Nh6 Bf6 44. Qxf6 Qxf6 45. gxf6 Be4 46. Nxg8 1-0

[Event "Arab-ch 4th"]
[Site "Beirut"]
[Date "2000.08.06"]
[Round "2"]
[White "Somev, Abdo"]
[Black "Al Ghasra, Ali"]
[Result "1-0"]
[WhiteElo "2090"]
[BlackElo "2205"]
[PlyCount "73"]
[EventDate "2000.08.05"]
[EventType "swiss"]
[EventRounds "9"]
[EventCountry "LBN"]
[SourceTitle "CBM 077 Extra"]
[Source "ChessBase"]
[SourceDate "2000.09.14"]
[SourceVersion "1"]
[SourceVersionDate "2000.09.14"]
[SourceQuality "1"]

1. e4 c5 2. c4 Nc6 3. Nc3 g6 4. g3 Bg7 5. Bg2 d6 6. d3 a6 7. Nge2 Nf6 8. a3 0-0 9. 0-0 Rb8 10. Rb1 b5 11. cxb5 axb5 12. b4 cxb4 13. axb4 e5 14. h3 h6 15. Be3 g5 16. d4 exd4 17. Nxd4 Nxd4 18. Bxd4 Be6 19. Nd5 Nxd5 20. exd5 Bf5 21. Rc1 Re8 22. Bxg7 Kxg7 23. Qd4+ Qf6 24. Qxf6+ Kxf6 25. Rc6 Red8 26. Ra1 Bd3 27. Raa6 Ke5 28. Ra7 Bc4 29. Re7+ Kd4 30. Re4+ Kd3 31. f3 Kc3 32. Bf1 Kxb4 33. Bxc4 bxc4 34. Rexc4+ Kb5 35. Rc1 Ra8 36. Rb1+ Ka5 37. Rc2 1-0

[Event "Dubai op"]
[Site "Dubai"]
[Date "2000.05.06"]
[Round "8"]
[White "Somev, Abdo"]
[Black "Othman, Rabeea"]
[Result "1/2-1/2"]
[WhiteElo "2117"]
[BlackElo "2095"]
[PlyCount "79"]
[EventDate "2000.04.28"]
[EventType "swiss"]
[EventRounds "9"]
[EventCountry "UAE"]
[SourceTitle "EXT 2001"]
[Source "ChessBase"]
[SourceDate "2000.11.22"]
[SourceVersion "1"]
[SourceVersionDate "2000.11.22"]
[SourceQuality "1"]

1. e4 e6 2. d4 d5 3. Nd2 Nf6 4. Bd3 c5 5. c3 Nc6 6. e5 Nd7 7. Ne2 cxd4 8. cxd4 f6 9. exf6 Qxf6 10. Nf3 Bd6 11. 0-0 0-0 12. Ng3 h6 13. Be3 Ne7 14. Nh5 Qf7 15. Nh4 g5 16. Qg4 Nf6 17. Nxf6+ Qxf6 18. Nf3 e5 19. dxe5 Bxe5 20. Qh5 Bxb2 21. Rad1 Nf5 22. h4 Ng7 23. hxg5 Nxh5 24. gxf6 Rxf6 25. Nd4 Nf4 26. Nb5 Be5 27. Rfe1 Nxd3 28. Rxd3 a6 29. Rxd5 axb5 30. Rxe5 Bd7 31. Re2 Bc6 32. Bd4 Rg6 33. f4 Rd8 34. Bc3 Rd3 35. Be1 Rf6 36. f5 Rd5 37. g4 Rd4 38. Kh2 Rxg4 39. Bd2 h5 40. Rf2 1/2-1/2

[Event "Abu Dhabi op 09th"]
[Site "Abu Dhabi"]
[Date "1999.08.27"]
[Round "6"]
[White "Somev, Abdo"]
[Black "Hassan, Abdullah"]
[Result "0-1"]
[WhiteElo "2140"]
[BlackElo "2200"]
[PlyCount "56"]
[EventDate "1999.08.21"]
[EventType "swiss"]
[EventRounds "9"]
[EventCountry "UAE"]
[SourceTitle "EXT 2000"]
[Source "ChessBase"]
[SourceDate "1999.11.16"]
[SourceVersion "1"]
[SourceVersionDate "1999.11.16"]
[SourceQuality "1"]

1. e4 e6 2. d4 d5 3. Nd2 Nf6 4. Bd3 c5 5. c3 Nc6 6. e5 Nd7 7. Ne2 cxd4 8. cxd4 f6 9. exf6 Qxf6 10. Nf3 h6 11. 0-0 Bd6 12. Be3 0-0 13. Ng3 Rd8 14. Nh5 Qf7 15. Nh4 Nf6 16. Bg6 Qe7 17. f4 Ne4 18. Nf3 Bd7 19. Bxe4 dxe4 20. Nd2 Be8 21. Nxe4 Bc7 22. Nhg3 Bb6 23. Qg4 Nxd4 24. f5 exf5 25. Nxf5 Nxf5 26. Bxb6 axb6 27. Rxf5 Bd7 28. Nf6+ Qxf6 0-1

[Event "Dubai op"]
[Site "Dubai"]
[Date "1999.05.07"]
[Round "7"]
[White "Somev, Abdo"]
[Black "Abdel Rahim, Mohamed"]
[Result "1-0"]
[WhiteElo "2127"]
[BlackElo "2140"]
[PlyCount "65"]
[EventDate "1999.05.??"]
[EventType "swiss"]
[EventRounds "9"]
[EventCountry "UAE"]
[SourceTitle "CBM 070 Extra"]
[Source "ChessBase"]
[SourceDate "1999.07.10"]
[SourceVersion "1"]
[SourceVersionDate "1999.07.10"]
[SourceQuality "1"]

1. e4 c6 2. d4 d5 3. Nd2 dxe4 4. Nxe4 Nd7 5. Bd3 Ngf6 6. Nf3 Nxe4 7. Bxe4 Nf6 8. Bd3 Bg4 9. c3 e6 10. Bg5 Bd6 11. h3 Bh5 12. Qe2 0-0 13. g4 Bg6 14. Bxg6 hxg6 15. Ne5 c5 16. 0-0-0 Qc7 17. Kb1 b5 18. f4 Nd5 19. h4 f6 20. h5 gxh5 21. Ng6 Rfe8 22. dxc5 Bxf4 23. Bxf4 Nxf4 24. Qh2 e5 25. Nxf4 exf4 26. Qxh5 Rad8 27. Rd6 Qb7 28. c6 Qc8 29. Rxf6 Rd1+ 30. Rxd1 gxf6 31. Qg6+ Kf8 32. Qxf6+ Kg8 33. Rh1 1-0

[Event "Dubai op"]
[Site "Dubai"]
[Date "1999.05.06"]
[Round "6"]
[White "Karimov, Hafis"]
[Black "Somev, Abdo"]
[Result "1-0"]
[WhiteElo "2131"]
[BlackElo "2127"]
[PlyCount "41"]
[EventDate "1999.05.??"]
[EventType "swiss"]
[EventRounds "9"]
[EventCountry "UAE"]
[SourceTitle "CBM 070 Extra"]
[Source "ChessBase"]
[SourceDate "1999.07.10"]
[SourceVersion "1"]
[SourceVersionDate "1999.07.10"]
[SourceQuality "1"]

1. e4 e6 2. d4 d5 3. e5 c5 4. c3 Nc6 5. Nf3 Qb6 6. Bd3 Bd7 7. 0-0 Nge7 8. Re1 cxd4 9. cxd4 Rc8 10. Nc3 Nxd4 11. Nxd4 Qxd4 12. Nb5 Qh4 13. Nd6+ Kd8 14. Nxf7+ Ke8 15. Bg5 Qa4 16. b3 Qb4 17. Nxh8 g6 18. Qf3 Nf5 19. Bxf5 exf5 20. Qxd5 Be7 21. Qg8+ 1-0

[Event "Dubai op"]
[Site "Dubai"]
[Date "1999.05.04"]
[Round "4"]
[White "Tayeb, Suhail"]
[Black "Somev, Abdo"]
[Result "1/2-1/2"]
[WhiteElo "2228"]
[BlackElo "2127"]
[PlyCount "53"]
[EventDate "1999.05.??"]
[EventType "swiss"]
[EventRounds "9"]
[EventCountry "UAE"]
[SourceTitle "CBM 070 Extra"]
[Source "ChessBase"]
[SourceDate "1999.07.10"]
[SourceVersion "1"]
[SourceVersionDate "1999.07.10"]
[SourceQuality "1"]

1. e4 d5 2. exd5 Qxd5 3. Nf3 Nf6 4. d4 Bf5 5. Be2 e6 6. 0-0 Be7 7. c4 Qd8 8. Qb3 b6 9. Nc3 0-0 10. Rd1 Nbd7 11. Ne5 Ne4 12. Bf3 Ndf6 13. Bf4 g5 14. Nc6 Qe8 15. Nxe7+ Qxe7 16. Be5 Nxc3 17. Qxc3 Rad8 18. d5 Ne8 19. dxe6 Rxd1+ 20. Rxd1 Bxe6 21. Re1 f6 22. Bg3 Ng7 23. h4 h6 24. hxg5 hxg5 25. Bd5 Qf7 26. Bxe6 Nxe6 27. b4 1/2-1/2

[Event "Dubai op"]
[Site "Dubai"]
[Date "1999.05.03"]
[Round "3"]
[White "Somev, Abdo"]
[Black "Pavlenko, Oleg"]
[Result "1/2-1/2"]
[WhiteElo "2127"]
[BlackElo "2277"]
[PlyCount "74"]
[EventDate "1999.05.??"]
[EventType "swiss"]
[EventRounds "9"]
[EventCountry "UAE"]
[SourceTitle "CBM 070 Extra"]
[Source "ChessBase"]
[SourceDate "1999.07.10"]
[SourceVersion "1"]
[SourceVersionDate "1999.07.10"]
[SourceQuality "1"]

1. c4 Nf6 2. Nc3 c5 3. e4 Nc6 4. Nf3 e5 5. g3 g6 6. Bg2 Bg7 7. 0-0 0-0 8. d3 d6 9. Nd5 h6 10. Be3 Nd4 11. Nxd4 Nxd5 12. cxd5 cxd4 13. Bd2 Bd7 14. f4 f5 15. Qb3 Qb6 16. Qxb6 axb6 17. Bb4 Rf6 18. fxe5 dxe5 19. exf5 gxf5 20. Bh3 Bf8 21. Bxf8 Raxf8 22. Rae1 Re8 23. Rc1 e4 24. dxe4 Rxe4 25. Rf4 Rd6 26. Bg2 Re2 27. Rf2 Bb5 28. Bf3 Re3 29. Kg2 Kg7 30. Rc7+ Kf6 31. Rd2 Bd3 32. Rh7 Be4 33. Bxe4 Rxe4 34. Rxh6+ Ke5 35. Rh7 Kxd5 36. Rxb7 Rg6 37. Rf7 Re5 1/2-1/2

[Event "Dubai op"]
[Site "Dubai"]
[Date "1999.05.01"]
[Round "1"]
[White "Somev, Abdo"]
[Black "Stefanova, Antoaneta"]
[Result "0-1"]
[WhiteElo "2127"]
[BlackElo "2452"]
[PlyCount "72"]
[EventDate "1999.05.??"]
[EventType "swiss"]
[EventRounds "9"]
[EventCountry "UAE"]
[SourceTitle "CBM 070 Extra"]
[Source "ChessBase"]
[SourceDate "1999.07.10"]
[SourceVersion "1"]
[SourceVersionDate "1999.07.10"]
[SourceQuality "1"]

1. e4 d5 2. Nc3 Nf6 3. exd5 g6 4. Nf3 Bg7 5. Bb5+ Nbd7 6. 0-0 0-0 7. d4 Nb6 8. Re1 Nbxd5 9. h3 c6 10. Bf1 Bf5 11. g4 Be6 12. Ng5 Bc8 13. Bg2 h6 14. Nf3 Be6 15. Ne5 Nxc3 16. bxc3 Bd5 17. c4 Bxg2 18. Kxg2 Nd7 19. f4 Nxe5 20. dxe5 Qa5 21. Qe2 Rad8 22. Be3 e6 23. Rab1 Rd7 24. Rb3 Rfd8 25. c3 Bf8 26. Qf2 Qa6 27. Qe2 Rd3 28. Bd4 Qxc4 29. Rxb7 Bc5 30. Qf2 Bxd4 31. cxd4 R3xd4 32. Rb2 Rxf4 33. Qxa7 Qc3 34. Rbe2 Qf3+ 35. Kh2 Rd3 36. Re3 Rd2+ 0-1